Plant Systematics : (Record no. 2870)

MARC details
000 -LEADER
fixed length control field 00678cam a22002292 4500
001 - CONTROL NUMBER
control field 0000004680
005 - DATE AND TIME OF LATEST TRANSACTION
control field 20151217145821.0
008 - FIXED-LENGTH DATA ELEMENTS--GENERAL INFORMATION
fixed length control field 070528s xx 000 0 eng d
020 ## - INTERNATIONAL STANDARD BOOK NUMBER
International Standard Book Number 0878934030 :
Terms of availability KES 61.99
040 ## - CATALOGING SOURCE
Original cataloging agency KABU
Transcribing agency KABU
050 #0 - LIBRARY OF CONGRESS CALL NUMBER
Classification number QK95
Item number .P53 2002
245 10 - TITLE STATEMENT
Title Plant Systematics :
Remainder of title a Phlogenetic approach /
Statement of responsibility, etc. Walter S. Judd ... [et al.]
250 ## - EDITION STATEMENT
Edition statement 2nd ed.
260 ## - PUBLICATION, DISTRIBUTION, ETC. (IMPRINT)
Place of publication, distribution, etc. Sunderland, MA :
Name of publisher, distributor, etc. Sinauer,
Date of publication, distribution, etc. 2002.
300 ## - PHYSICAL DESCRIPTION
Extent xvi, 576 p.
650 #0 - SUBJECT ADDED ENTRY--TOPICAL TERM
Topical term or geographic name as entry element Botany
General subdivision Classification.
-- 0000155371
700 1# - ADDED ENTRY--PERSONAL NAME
Personal name Judd, Walter S.
-- 0000155372
908 ## - PUT COMMAND PARAMETER (RLIN)
Put command parameter 070528
950 ## - LOCAL HOLDINGS (RLIN)
-- 1
Holdings
Withdrawn status Lost status Source of classification or shelving scheme Not for loan Home library Current library Date acquired Total Checkouts Full call number Barcode Date last seen Price effective from Koha item type
    Library of Congress Classification   Kabarak, Main Campus Kabarak, Main Campus 17/12/2015   QK95 .P53 2002 007335 17/12/2015 17/12/2015 General Collection
Designed with assistance from East African Informatics Ltd